[Event "BCF-chT3 0405 (4NCL)"]
[Site "Telford"]
[Date "2005.01.15"]
[Round "3.2"]
[White "Coleman, James"]
[Black "Hagesaether, Halvard"]
[Result "1/2-1/2"]
[WhiteElo "2225"]
[BlackElo "2258"]
[PlyCount "161"]
[EventDate "2004.11.06"]
[EventType "team-tourn"]
[EventRounds "11"]
[EventCountry "ENG"]
[SourceTitle "EXT 2006"]
[Source "ChessBase"]
[SourceDate "2005.11.24"]
[SourceVersion "1"]
[SourceVersionDate "2005.11.24"]
[SourceQuality "1"]
[WhiteTeam "Oxford"]
[BlackTeam "Poisoned Pawns"]
[WhiteTeamCountry "ENG"]
[BlackTeamCountry "ENG"]

1. d4 Nf6 2. Bg5 d6 3. Bxf6 exf6 4. g3 f5 5. Bg2 Nd7 6. e3 Nf6 7. c4 g6 8. Nc3 Bg7 9. Nge2 0-0 10. 0-0 c6 11. Qd3 a5 12. Rab1 Re8 13. h4 Ng4 14. Nf4 Bf6 15. a3 a4 16. Rbe1 Qb6 17. Bf3 Bg7 18. Bd1 Qa5 19. Bxa4 Nf6 20. Bd1 Ne4 21. Nb1 h6 22. b4 Qd8 23. Bf3 Qf6 24. Kg2 Bd7 25. Rh1 Be6 26. Nxe6 Rxe6 27. Qc2 Ree8 28. a4 c5 29. bxc5 dxc5 30. Nd2 Nxd2 31. Qxd2 Rxa4 32. Bxb7 cxd4 33. exd4 Rxe1 34. Rxe1 Qxd4 35. Qxd4 Bxd4 36. Rc1 Ra2 37. c5 Rxf2+ 38. Kh1 Be5 39. c6 Bc7 40. Kg1 Bb6 41. Kh1 Bc7 42. Rc3 Kg7 43. Kg1 Rd2 44. Ba6 Kf6 45. Bc4 Rb2 46. Rd3 Rc2 47. Bd5 g5 48. hxg5+ hxg5 49. Kf1 Kg6 50. Bxf7+ Kxf7 51. Rd7+ Ke6 52. Rxc7 Kd6 53. Rf7 Ke6 54. Ra7 Rxc6 55. Ra2 Rc4 56. Kg2 Rd4 57. Rb2 Ke5 58. Re2+ Kf6 59. Ra2 g4 60. Rf2 Rd3 61. Ra2 Ke5 62. Rf2 Rc3 63. Re2+ Kd4 64. Rf2 Rc5 65. Ra2 Kd3 66. Kf2 Rc3 67. Rb2 Kd4 68. Ra2 Rf3+ 69. Kg2 Rd3 70. Rf2 Ke5 71. Re2+ Kd5 72. Rf2 Ke4 73. Rf4+ Ke5 74. Rf2 Rd5 75. Ra2 f4 76. gxf4+ Kxf4 77. Ra3 Rd2+ 78. Kg1 Kg5 79. Rb3 Kh4 80. Ra3 g3 81. Ra8 1/2-1/2

[Event "BCF-chT3 0405 (4NCL)"]
[Site "Telford"]
[Date "2004.11.07"]
[Round "2.2"]
[White "Hagesaether, Halvard"]
[Black "Graham, David Bruce"]
[Result "1-0"]
[WhiteElo "2258"]
[BlackElo "2238"]
[PlyCount "53"]
[EventDate "2004.11.06"]
[EventType "team-tourn"]
[EventRounds "11"]
[EventCountry "ENG"]
[SourceTitle "EXT 2006"]
[Source "ChessBase"]
[SourceDate "2005.11.24"]
[SourceVersion "1"]
[SourceVersionDate "2005.11.24"]
[SourceQuality "1"]
[WhiteTeam "Poisoned Pawns"]
[BlackTeam "The ADS II"]
[WhiteTeamCountry "ENG"]
[BlackTeamCountry "ENG"]

1. e4 d6 2. d4 Nf6 3. Nc3 g6 4. Bg5 Bg7 5. Qd2 c6 6. f4 b5 7. Bd3 Nbd7 8. e5 b4 9. Nce2 dxe5 10. fxe5 Nd5 11. Bh6 Bxh6 12. Qxh6 N7b6 13. Nf3 Be6 14. 0-0 Kd7 15. c4 bxc3 16. bxc3 Qf8 17. Qd2 Qg7 18. c4 Nc7 19. Rac1 Rhc8 20. Be4 Bxc4 21. Rxc4 Nxc4 22. Qc3 Nd5 23. Qxc4 Ne3 24. e6+ Kd8 25. Qa4 Nxf1 26. Bxc6 Rab8 27. Qxa7 1-0

[Event "Sandefjord op"]
[Site "Sandefjord"]
[Date "2002.10.11"]
[Round "1"]
[White "Kverndal, Leif"]
[Black "Hagesaether, Halvard"]
[Result "0-1"]
[WhiteElo "1703"]
[BlackElo "2179"]
[PlyCount "60"]
[EventDate "2002.10.??"]
[EventType "swiss"]
[EventRounds "5"]
[EventCountry "NOR"]
[SourceTitle "EXT 2005"]
[Source "ChessBase"]
[SourceDate "2004.11.15"]
[SourceVersion "1"]
[SourceVersionDate "2004.11.15"]
[SourceQuality "1"]

1. d4 Nf6 2. Nf3 d6 3. g3 g6 4. Bg2 Bg7 5. 0-0 0-0 6. c4 Nc6 7. Nc3 e5 8. d5 Ne7 9. e4 Nd7 10. Be3 h6 11. Rc1 f5 12. b4 Nf6 13. exf5 gxf5 14. c5 Ng4 15. cxd6 cxd6 16. Nb5 Nxe3 17. fxe3 Qb6 18. Nc7 Qxe3+ 19. Kh1 Rb8 20. Re1 Qa3 21. Nd4 Qxb4 22. Ndb5 Rd8 23. a3 Qg4 24. Bf3 Qg5 25. Qb3 e4 26. Bg2 a6 27. Na7 Bd7 28. Qb4 Be5 29. Rcd1 h5 30. Qb3 Kh8 0-1

[Event "Baerum NTG GP"]
[Site "Baerum"]
[Date "2002.09.14"]
[Round "3"]
[White "Hagesaether, Halvard"]
[Black "Adnoy, Hallvard Voll"]
[Result "1/2-1/2"]
[WhiteElo "2179"]
[BlackElo "2130"]
[PlyCount "175"]
[EventDate "2002.09.??"]
[EventType "swiss"]
[EventRounds "5"]
[EventCountry "NOR"]
[SourceTitle "EXT 2005"]
[Source "ChessBase"]
[SourceDate "2004.11.15"]
[SourceVersion "1"]
[SourceVersionDate "2004.11.15"]
[SourceQuality "1"]

1. e4 e5 2. Nf3 d6 3. d4 Nd7 4. Bc4 c6 5. 0-0 Be7 6. a4 Ngf6 7. Re1 0-0 8. b3 Nxe4 9. Rxe4 d5 10. Re2 e4 11. Nfd2 Nf6 12. Re1 dxc4 13. Nxc4 c5 14. Ba3 Bg4 15. Qd2 cxd4 16. Bxe7 Qxe7 17. Qxd4 Rfd8 18. Qe3 Nd5 19. Qg3 Qf6 20. Nbd2 Bf5 21. Nf1 Nc3 22. Rac1 Rac8 23. Nfe3 Bg6 24. Ng4 Qd4 25. Nge5 Bh5 26. Kf1 f6 27. Qh3 Nd1 28. Qe6+ Kh8 29. Rcxd1 Qxd1 30. g4 Qd5 31. Qxd5 Rxd5 32. gxh5 fxe5 33. Rxe4 Kg8 34. Ke2 Rcc5 35. Ke3 b6 36. c3 Rd1 37. Nxe5 Rxc3+ 38. Kf4 Rc8 39. Kg3 Rc3+ 40. f3 Rxb3 41. h6 Rd6 42. Rc4 gxh6 43. Rc8+ Kg7 44. Rc7+ Kf6 45. Ng4+ Kg6 46. Rxa7 h5 47. Ne5+ Kf5 48. Nc4 Rd4 49. Rc7 Ke6 50. a5 b5 51. Nb6 h4+ 52. Kg2 Rd2+ 53. Kh3 Rxf3+ 54. Kxh4 Rxh2+ 55. Kg4 Rf1 56. Rc6+ Ke5 57. Nd7+ Kd5 58. Rb6 Rg2+ 59. Kh3 Rg7 60. Nf6+ Kc5 61. Kh2 Ra1 62. Ne4+ Kd4 63. Nd6 Ke5 64. Nxb5 Rxa5 65. Nd6 Ra2+ 66. Kh3 Rg6 67. Nf7+ Kd4 68. Rb4+ Kc5 69. Rb1 Ra3+ 70. Kh4 Ra4+ 71. Kh3 h5 72. Ne5 Rg5 73. Nf7 Rd5 74. Rf1 Rd3+ 75. Kg2 Rg4+ 76. Kh2 Rh4+ 77. Kg2 Rg4+ 78. Kh2 Kd4 79. Nd6 h4 80. Re1 h3 81. Nf5+ Kc3 82. Re2 Rf4 83. Ng3 Rff3 84. Ne4+ Kd4 85. Ng5 Rg3 86. Ne6+ Kd5 87. Nf4+ Kd4 88. Nxd3 1/2-1/2

[Event "NOR-chT fin"]
[Site "Oslo"]
[Date "2002.05.11"]
[Round "4"]
[White "Kolas, Tore"]
[Black "Hagesaether, Halvard"]
[Result "1-0"]
[WhiteElo "2181"]
[BlackElo "2256"]
[PlyCount "53"]
[EventDate "2002.05.08"]
[EventType "team-tourn"]
[EventRounds "5"]
[EventCountry "NOR"]
[SourceTitle "CBM 088 Extra"]
[Source "ChessBase"]
[SourceDate "2002.07.01"]
[SourceVersion "2"]
[SourceVersionDate "2002.07.01"]
[SourceQuality "1"]

1. e4 c5 2. Nf3 d6 3. d4 Nf6 4. Nc3 cxd4 5. Nxd4 a6 6. f3 e5 7. Nb3 Be7 8. Be3 0-0 9. Qd2 Be6 10. 0-0-0 b5 11. g4 Nfd7 12. Nd5 Bxd5 13. exd5 Qc7 14. Kb1 Rc8 15. h4 Nb6 16. Bxb6 Qxb6 17. g5 a5 18. h5 a4 19. Nc1 b4 20. g6 b3 21. cxb3 axb3 22. h6 fxg6 23. hxg7 Rc2 24. Qh6 Rxb2+ 25. Kxb2 Rxa2+ 26. Nxa2 bxa2+ 27. Ka1 1-0